Diseño de páginas web. Iniciación y referencia.

Bibliographic Details
Main Authors: González Romano, José Mariano, Cordero Valle, Juan Manuel
Format: Section = Libro
Language:Undetermined
Spanish
Published: España México 2004
Edition:2a.ed
Subjects:
LEADER 00723nam a2200253Ia 4500
008 240830s9999 xx 000 0 und d
020 |a 84-481-3000-6 
040 |a B-ESTELÍ- RUACS / 005 G643 
041 |a spa 
082 |a 005 G643  
100 1 |a González Romano, José Mariano 
100 1 |b  Cordero Valle, Juan Manuel 
245 1 0 |a Diseño de páginas web. Iniciación y referencia. 
250 |a 2a.ed 
260 |a España  |b México  |c 2004 
300 |a 282 p. :il 
650 7 |a PROGRAMACION Y PROGRAMAS DE COMPUTADORAS 
650 7 |b  DISEÑO DE PAGINA WEB 
650 7 |c  MULTIMEDIA 
650 7 |d  PUBLICACION DE PAGINA WEB 
650 7 |e  INTERNET - WEB. 
942 |c BK  |2 ddc 
991 |a TEXTO 
999 |c 10545